| 000 | 00976cam a2200337 4500 | ||
|---|---|---|---|
| 008 | 090401t1994 xxu||||| |||| 00| 0 eng d | ||
| 020 | _a0117530239 | ||
| 035 | _a(Sirsi) u30629 | ||
| 041 | _aeng | ||
| 050 | _a333.7 | ||
| 110 |
_aUnited Kingdom _bDepartment of the Environment _9982 |
||
| 245 | _aRenewable energy: annexes on energy from waste combustion, hydro power, wood fuel, anaerobic digestion, landfill gas and active solar systems. | ||
| 260 |
_aLondon _bHMSO _c1994 |
||
| 300 | _a(23)p. ; 30cm. | ||
| 350 | _a4.5 | ||
| 490 |
_aPPG _v22 |
||
| 520 | _aAnnexes to PPG22 | ||
| 650 | _aANAEROBIC DIGESTION | ||
| 650 | _aBIOFUELS | ||
| 650 | _aHYDRO POWER | ||
| 650 | _aLANDFILL GAS | ||
| 650 | _aPPG22 | ||
| 650 | _aRENEWABLE ENERGY | ||
| 650 | _aSOLAR ENERGY | ||
| 650 | _aWASTE COMBUSTION | ||
| 650 | _aWOOD FUEL | ||
| 690 | _aPLANNING LAW AND PRACTICE | ||
| 710 |
_aUnited Kingdom _bWelsh Office _91214 |
||
| 942 | _n0 | ||
| 948 | _c04/03/1997 | ||
| 999 |
_c89499 _d89499 |
||